banner koha

Intensidade de cor verde e nitrogênio em cultivares de gérbera fertirrigados com soluções nutritivas (Registro n. 245933)

MARC details
000 -LÍDER
campo de controle de tamanho fixo 01120nas a2200289 4500
001 - NÚMERO DE CONTROLE
campo de controle BR2015005391
003 - IDENTIFICADOR DO NÚMERO DE CONTROLE
campo de controle BR-BrBNA
005 - DATA E HORÁRIO DA ÚLTIMA TRANSAÇÃO
campo de controle 20231205125742.0
007 - CAMPO FIXO DE DESCRIÇÃO FÍSICA--INFORMAÇÃO GERAL
campo de controle de tamanho fixo ta
008 - CAMPO DE DADOS FIXOS--INFORMAÇÃO GERAL
campo de controle de tamanho fixo 230509b bl.|||p| |||| 00| 00por d
040 ## - FONTE DA CATALOGAÇÃO
Instituição da catalogação original BR-BrBNA
Idioma da catalogação por
Instituição que transcreveu o registro Biblioteca Nacional de Agricultura
041 ## - CÓDIGO DE IDIOMA
Código do idioma do texto/trilha sonora ou título diferente (Pt)
072 ## - CÓDIGO DE CATEGORIA DE ASSUNTO
Código de Categoria de Assunto F04; F06
100 1# - ENTRADA PRINCIPAL--NOME PESSOAL
Nome pessoal Ludwig, F.
100 1# - ENTRADA PRINCIPAL--NOME PESSOAL
Nome pessoal Fernandes, D.M.
100 1# - ENTRADA PRINCIPAL--NOME PESSOAL
Nome pessoal Mota, P.R.
100 1# - ENTRADA PRINCIPAL--NOME PESSOAL
Nome pessoal Bôas, R.L.V.
111 1# - ENTRADA PRINCIPAL--NOME DO EVENTO
Nome do evento ou lugar 16° Congresso Brasileiro de Floricultura e Plantas Ornamentais; 3° Congresso Brasileiro de Cultura de Tecidos de Plantas; 1° Simpósio de Plantas Ornamentais Nativas
Local do evento Goiânia, GO (Brazil)
Data do evento ou assinatura do tratado 10-15 Sep 2007
245 1# - TÍTULO
Título Intensidade de cor verde e nitrogênio em cultivares de gérbera fertirrigados com soluções nutritivas
650 ## - ASSUNTO--TERMO TÓPICO
Cabeçalho tópico ou nome geográfico FERTIRRIGAÇÃO
650 ## - ASSUNTO--TERMO TÓPICO
Cabeçalho tópico ou nome geográfico VARIEDADE
650 ## - ASSUNTO--TERMO TÓPICO
Cabeçalho tópico ou nome geográfico SOLUÇÃO NUTRITIVA
650 ## - ASSUNTO--TERMO TÓPICO
Cabeçalho tópico ou nome geográfico NUTRIÇÃO VEGETAL
773 0# - ENTRADA ANALÍTICA
Título Revista Brasileira de Horticultura Ornamental (Brazil)
ISSN - International Standard Serial Number ISSN 1809-6093
Partes relacionadas (Sep 2007), v. 13(Suplemento) p. 1643-1646
Número de controle do registro BR2015005391
909 ## -
-- 202311
-- Lúcia
-- 55
-- Lúcia Elande
942 ## - ELEMENTOS DE ENTRADA ADICIONADOS (KOHA)
Fonte da classificação ou esquema de arquivamento na estante Classificação AGRIS
Ocultar no OPAC Não
Tipo de material Koha Analítica
Exemplares
Situação do descarte Fonte da classificação ou esquema de arquivamento na estante Situação física Não pode ser emprestado Biblioteca de origem Biblioteca atual Localização na estante Enumeração do periódico / cronologia Total de empréstimos Data de último acesso Número do exemplar Tipo de material Koha Fonte de aquisição
  Classificação AGRIS   Consulta local Biblioteca Nacional de Agricultura - Binagri Biblioteca Nacional de Agricultura - Binagri   (Sep 2007), v. 13(Suplemento) p. 1643-1646   29/11/2023 01 Periódicos Portaria Interministerial nº 164/94

BINAGRI

Telefone: (61)3218-2567/2388/3357/2097 - binagri@agro.gov.br

Ministério da Agricultura e Pecuária , Esplanada dos Ministérios, Bloco D, Anexo B, Brasília/DF, CEP: 70.043-900